000 00543nam a2200205Ia 4500
003 LK-CoDNM
005 20241212102752.0
008 121016t2003 xxu||||| |||| 00| 0 sin d
040 _aLK-CoDNM
_dLK-CoDNM
_eLK-CoDNM
041 _asin
080 _aX8S1
_bKUM
100 _aKulathilaka Kumarasinghe
245 _aඅසනිපාතය
246 _aAsanipathaya
260 _bS.Godage Samagama
_aColombo 10
_c2003
300 _b103p. ; 21 cm
650 _a2003
650 _aකාව්‍ය නිර්‍මාණ
942 _cBK
999 _c74597
_d74597